| 000 | 00917nam a22002177a 4500 | ||
|---|---|---|---|
| 005 | 20251108165315.0 | ||
| 008 | 250721s1994 xx 000 0 ara d | ||
| 082 | 1 | 4 | _a956.55/طرا |
| 100 | 1 | _aالطراونه، محمد سالم غثيان | |
| 245 | 1 | 0 |
_aقصر الملك عبد الله بن الحسين في مدينة معان : _bدراسة تاريخيه و معماريه / |
| 264 | 1 |
_aالكرك : _bجامعة مؤته- عمادة البحث العلمي والدراسات العليا - لجنة التراث، _c1994. |
|
| 300 | _a88ص : مص | ||
| 500 | _aرقم التزويد لنسخة ابو علندا هي 834 التي تحمل رقم PLD00072294 | ||
| 650 | 1 | 7 | _aتاريخ الأردن |
| 650 | 1 | 7 | _aمعان |
| 650 | 1 | 7 | _aإمارة شرق الأردن |
| 700 | 1 | _aالصرايره، حاتم | |
| 700 | 1 | _aالطراونه، سليمان | |
| 942 |
_2ddc _cBK |
||
| 999 |
_c24664 _d24664 |
||